| 000 | 00521nam a2200145Ia 4500 | ||
|---|---|---|---|
| 008 | 231221s9999 xx 000 0 und d | ||
| 041 | _aEnglish | ||
| 082 | _a6553 - MBA | ||
| 100 | _aMcNeal, Casey. | ||
| 245 | 0 | _aDelegation - Leveraging through others | |
| 260 |
_c2005 _bMakau _aOrme |
||
| 510 | _aCourse Introduction 1. Principles of leadership. 2. Motivation. 3. Involvement. 4. Delegation techniques. 5. Communication techniques. 6. Delegation formula. | ||
| 650 | _aDelegation,-,Leveraging,others | ||
| 942 | _cCD | ||
| 999 |
_c230422 _d230422 |
||